00301nam a2200121Ia 4500008004100000041000800041082001700049100001700066245004500083260001900128365001500147700001700162230718s9999 xx 000 0 und d aeng a621.381bMOT aMotorola Inc aFpga Data Field Programmable Gate Arrays c1993bMotorola cRs.b50.00 aMotorola Inc